Normal view
MARC view
- Mudassir
Entry Personal Name
001 - CONTROL NUMBER
- control field: 47756
003 - CONTROL NUMBER IDENTIFIER
- control field: NUST
005 - DATE AND TIME OF LATEST TRANSACTION
- control field: 20210314133910.0
008 - FIXED-LENGTH DATA ELEMENTS
- fixed length control field: 210314|| aca||aabn | a|a d
040 ## - CATALOGING SOURCE
- Original cataloging agency: NUST
- Transcribing agency: NUST
100 ## - HEADING--PERSONAL NAME
- Personal name: Mudassir
670 ## - SOURCE DATA FOUND
- Source citation: Work cat.: (NUST): Maj Abid, syn no 12 47755, Road, 17 April 2000
